000 00400nam a2200169 i 4500
001 bg
100 1 _aKONDRATOWICZ, Ludwik
245 0 _aModelowanie symulacyjne systemów /
_cLudwik Kondratowicz.
260 _aWarszawa :
_bWNT,
_c1978.
650 9 _aSymulacja
650 9 _aCSL
040 _cBPK
041 _apol
080 _a004.94
942 _cKS
008 s pl f |000 0 pol
999 _c9803
_d9803
856 _uhttp://koha.tu.koszalin.pl/cgi-bin/koha/opac-detail.pl?biblionumber=9803
_yKatalog online BPK